[Event "Women's Baku Chess Olympiad"]
[Site "chess24.com"]
[Date "2016.09.10"]
[Round "8"]
[White "Narva, Mai"]
[Black "Havlikova, Kristyna"]
[Result "0-1"]
[Board "1"]
[WhiteID "4500512"]
[WhiteElo "2238"]
[WhiteTitle "WIM"]
[WhiteCountry "EST"]
[WhiteFideId "4500512"]
[WhiteEloChange "-9"]
[BlackID "309672"]
[BlackElo "2271"]
[BlackTitle "WIM"]
[BlackCountry "CZE"]
[BlackFideId "309672"]
[BlackEloChange "9"]

1. e4 {[%clk 1:30:57]} c5 {[%clk 1:30:54]} 2. Nf3 {[%clk 1:31:20]} Nc6 {[%clk
1:31:20]} 3. d4 {[%clk 1:31:35]} cxd4 {[%clk 1:31:43]} 4. Nxd4 {[%clk 1:31:59]}
Qb6 {[%clk 1:32:07]} 5. Nb3 {[%clk 1:31:21]} Nf6 {[%clk 1:32:28]} 6. Nc3 {[%clk
1:31:03]} e6 {[%clk 1:32:38]} 7. Bd3 {[%clk 1:25:27]} Be7 {[%clk 1:32:12]} 8. O-O
{[%clk 1:25:06]} d6 {[%clk 1:31:26]} 9. Be3 {[%clk 1:18:53]} Qc7 {[%clk 1:31:49]}
10. f4 {[%clk 1:17:40]} a6 {[%clk 1:31:56]} 11. a4 {[%clk 1:12:45]} Nb4 {[%clk
1:14:47]} 12. a5 {[%clk 1:05:43]} O-O {[%clk 1:08:48]} 13. Be2 {[%clk 0:54:54]}
d5 {[%clk 0:56:18]} 14. e5 {[%clk 0:50:34]} Nd7 {[%clk 0:56:35]} 15. Nd4 {[%clk
0:41:15]} b6 {[%clk 0:44:13]} 16. axb6 {[%clk 0:35:39]} Nxb6 {[%clk 0:44:32]} 17.
Bf2 {[%clk 0:35:38]} Bd7 {[%clk 0:40:42]} 18. Bf3 {[%clk 0:34:15]} Nc4 {[%clk
0:38:42]} 19. Qc1 {[%clk 0:32:02]} Rfc8 {[%clk 0:34:08]} 20. Nce2 {[%clk
0:30:50]} Rab8 {[%clk 0:30:38]} 21. b3 {[%clk 0:29:29]} Nb6 {[%clk 0:22:46]} 22.
Qd2 {[%clk 0:29:02]} Bb5 {[%clk 0:17:33]} 23. c3 {[%clk 0:27:55]} Nc6 {[%clk
0:16:49]} 24. Rfc1 {[%clk 0:26:13]} Nxd4 {[%clk 0:12:22]} 25. Nxd4 {[%clk
0:25:58]} Bc5 {[%clk 0:11:53]} 26. Be2 {[%clk 0:24:20]} Nd7 {[%clk 0:07:00]} 27.
c4 {[%clk 0:20:30]} dxc4 {[%clk 0:07:26]} 28. bxc4 {[%clk 0:20:12]} Bc6 {[%clk
0:07:49]} 29. Bf1 {[%clk 0:17:19]} Rb6 {[%clk 0:07:08]} 30. Rd1 {[%clk 0:13:48]}
Nf8 {[%clk 0:06:13]} 31. Nxc6 {[%clk 0:11:11]} Qxc6 {[%clk 0:06:08]} 32. Bxc5
{[%clk 0:10:14]} Qxc5+ {[%clk 0:06:36]} 33. Qd4 {[%clk 0:10:22]} Nd7 {[%clk
0:06:24]} 34. Be2 {[%clk 0:09:04]} Kf8 {[%clk 0:06:17]} 35. Bf3 {[%clk 0:08:00]}
Ke7 {[%clk 0:05:51]} 36. Ra2 {[%clk 0:05:23]} Qxd4+ {[%clk 0:04:56]} 37. Rxd4
{[%clk 0:05:47]} Nc5 {[%clk 0:05:22]} 38. Rd1 {[%clk 0:05:27]} Rb4 {[%clk
0:04:43]} 39. Be2 {[%clk 0:05:09]} Rc7 {[%clk 0:04:17]} 40. g3 {[%clk 0:32:26]}
h6 {[%clk 0:33:53]} 41. Kg2 {[%clk 0:29:15]} Rd7 {[%clk 0:27:59]} 42. Rxd7+
{[%clk 0:27:01]} Kxd7 {[%clk 0:28:21]} 43. Kf2 {[%clk 0:27:04]} Kc7 {[%clk
0:27:35]} 44. Ke3 {[%clk 0:26:26]} Kb6 {[%clk 0:25:48]} 45. Kd4 {[%clk 0:25:43]}
Rb3 {[%clk 0:24:02]} 46. Rd2 {[%clk 0:23:34]} a5 {[%clk 0:22:01]} 47. Bd1 {[%clk
0:22:06]} a4 {[%clk 0:21:59]} 48. Bc2 {[%clk 0:19:04]} a3 {[%clk 0:16:11]} 49.
Rd1 {[%clk 0:18:10]} a2 {[%clk 0:15:25]} 50. Ra1 {[%clk 0:17:30]} Rd3+ {[%clk
0:11:26]} 51. Bxd3 {[%clk 0:16:36]} Nb3+ {[%clk 0:11:52]} 52. Kc3 {[%clk
0:16:05]} Nxa1 {[%clk 0:12:17]} 53. Kb2 {[%clk 0:15:38]} Nb3 {[%clk 0:12:38]} 0-1

[Event "Women's Baku Chess Olympiad"]
[Site "chess24.com"]
[Date "2016.09.10"]
[Round "8"]
[White "Olsarova, Karolina"]
[Black "Olde, Margareth"]
[Result "0-1"]
[Board "2"]
[WhiteID "320242"]
[WhiteElo "2255"]
[WhiteTitle "WIM"]
[WhiteCountry "CZE"]
[WhiteFideId "320242"]
[WhiteEloChange "-16"]
[BlackID "4503082"]
[BlackElo "2003"]
[BlackCountry "EST"]
[BlackFideId "4503082"]
[BlackEloChange "16"]

1. e4 {[%clk 1:30:57]} d6 {[%clk 1:30:42]} 2. d4 {[%clk 1:31:17]} Nf6 {[%clk
1:31:07]} 3. Nc3 {[%clk 1:31:35]} e5 {[%clk 1:31:32]} 4. Nf3 {[%clk 1:31:40]}
Nbd7 {[%clk 1:31:50]} 5. Bc4 {[%clk 1:29:10]} Be7 {[%clk 1:32:06]} 6. a4 {[%clk
1:28:51]} O-O {[%clk 1:31:56]} 7. O-O {[%clk 1:28:31]} c6 {[%clk 1:32:16]} 8. Re1
{[%clk 1:23:59]} a5 {[%clk 1:32:26]} 9. b3 {[%clk 1:24:18]} exd4 {[%clk 1:29:38]}
10. Nxd4 {[%clk 1:23:09]} Nb6 {[%clk 1:29:16]} 11. Bd3 {[%clk 1:22:40]} Re8
{[%clk 1:25:28]} 12. Bb2 {[%clk 1:17:15]} Bf8 {[%clk 1:22:48]} 13. Qd2 {[%clk
1:14:58]} Qc7 {[%clk 1:18:36]} 14. Qf4 {[%clk 1:12:28]} Nbd7 {[%clk 1:15:00]} 15.
Nf5 {[%clk 1:03:01]} Ne5 {[%clk 1:06:52]} 16. Bf1 {[%clk 1:00:47]} Ng6 {[%clk
0:57:00]} 17. Qg5 {[%clk 0:55:24]} Bxf5 {[%clk 0:53:48]} 18. Qxf5 {[%clk
0:50:16]} Re5 {[%clk 0:47:55]} 19. Qf3 {[%clk 0:46:06]} Rae8 {[%clk 0:42:31]} 20.
Re2 {[%clk 0:37:45]} d5 {[%clk 0:30:33]} 21. exd5 {[%clk 0:36:03]} Rxe2 {[%clk
0:30:20]} 22. Bxe2 {[%clk 0:29:41]} Nxd5 {[%clk 0:29:08]} 23. Nxd5 {[%clk
0:23:32]} cxd5 {[%clk 0:29:32]} 24. Bb5 {[%clk 0:23:26]} Rc8 {[%clk 0:24:31]} 25.
Rc1 {[%clk 0:22:13]} Bd6 {[%clk 0:19:11]} 26. g3 {[%clk 0:19:01]} Be5 {[%clk
0:18:51]} 27. Bxe5 {[%clk 0:17:14]} Qxe5 {[%clk 0:19:03]} 28. Bd3 {[%clk
0:13:48]} Ne7 {[%clk 0:14:41]} 29. Kf1 {[%clk 0:12:24]} g6 {[%clk 0:11:56]} 30.
Re1 {[%clk 0:12:13]} Qd6 {[%clk 0:11:52]} 31. Qe3 {[%clk 0:08:50]} Nc6 {[%clk
0:11:03]} 32. Qb6 {[%clk 0:08:54]} Qc7 {[%clk 0:08:47]} 33. Qc5 {[%clk 0:06:19]}
Qd7 {[%clk 0:04:43]} 34. Qb5 {[%clk 0:01:59]} Rd8 {[%clk 0:02:58]} 35. Kg2 {[%clk
0:01:01]} Qc7 {[%clk 0:02:03]} 36. Qc5 {[%clk 0:01:07]} b6 {[%clk 0:01:50]} 37.
Qc3 {[%clk 0:01:35]} Qd6 {[%clk 0:01:35]} 38. Bb5 {[%clk 0:01:32]} Nb4 {[%clk
0:01:05]} 39. Re2 {[%clk 0:01:13]} d4 {[%clk 0:00:41]} 40. Qf3 {[%clk 0:31:01]}
Qd5 {[%clk 0:30:32]} 41. Qxd5 {[%clk 0:27:07]} Rxd5 {[%clk 0:21:27]} 42. Bc4
{[%clk 0:23:42]} Rd7 {[%clk 0:21:29]} 43. Rd2 {[%clk 0:22:50]} Na2 {[%clk
0:15:47]} 44. Rd1 {[%clk 0:21:51]} Kg7 {[%clk 0:14:05]} 45. h4 {[%clk 0:18:10]}
Nb4 {[%clk 0:11:55]} 46. Bb5 {[%clk 0:12:28]} Rd5 {[%clk 0:12:13]} 47. Rd2 {[%clk
0:11:57]} Rd6 {[%clk 0:10:48]} 48. g4 {[%clk 0:10:13]} Na2 {[%clk 0:10:12]} 49.
Be2 {[%clk 0:07:26]} Nc3 {[%clk 0:10:24]} 50. Bf3 {[%clk 0:07:44]} Kf6 {[%clk
0:09:22]} 51. Rd3 {[%clk 0:07:00]} Ke5 {[%clk 0:08:37]} 52. Kg3 {[%clk 0:06:50]}
f5 {[%clk 0:07:56]} 53. gxf5 {[%clk 0:03:35]} gxf5 {[%clk 0:08:20]} 54. h5 {[%clk
0:03:12]} Ne4+ {[%clk 0:07:15]} 55. Kg2 {[%clk 0:03:23]} Rc6 {[%clk 0:06:10]} 56.
Bd1 {[%clk 0:03:04]} Rc8 {[%clk 0:05:19]} 57. f3 {[%clk 0:02:16]} Nc3 {[%clk
0:04:56]} 58. f4+ {[%clk 0:02:19]} Kxf4 {[%clk 0:04:52]} 59. Rxd4+ {[%clk
0:01:32]} Ke5 {[%clk 0:05:17]} 60. Rd3 {[%clk 0:01:51]} Nxd1 {[%clk 0:05:42]} 61.
Rxd1 {[%clk 0:01:37]} Rxc2+ {[%clk 0:06:07]} 62. Kg1 {[%clk 0:01:45]} Rc6 {[%clk
0:05:00]} 63. Kf2 {[%clk 0:01:09]} Kf4 {[%clk 0:04:43]} 64. Rd4+ {[%clk 0:01:04]}
Kg5 {[%clk 0:04:56]} 65. Rd5 {[%clk 0:00:40]} Kg4 {[%clk 0:03:40]} 66. Rd7 {[%clk
0:00:39]} h6 {[%clk 0:02:00]} 67. Rd4+ {[%clk 0:00:37]} Kxh5 {[%clk 0:02:09]} 68.
b4 {[%clk 0:01:05]} axb4 {[%clk 0:02:10]} 69. Rxb4 {[%clk 0:01:34]} Kg5 {[%clk
0:02:13]} 70. Rb5 {[%clk 0:01:46]} Kg4 {[%clk 0:02:00]} 71. a5 {[%clk 0:02:02]}
bxa5 {[%clk 0:02:27]} 72. Rxa5 {[%clk 0:02:30]} f4 {[%clk 0:02:21]} 73. Ra3
{[%clk 0:02:43]} Rc2+ {[%clk 0:02:35]} 74. Kg1 {[%clk 0:02:38]} h5 {[%clk
0:02:15]} 75. Rb3 {[%clk 0:02:38]} h4 {[%clk 0:02:20]} 76. Ra3 {[%clk 0:02:53]}
Re2 {[%clk 0:02:11]} 77. Rb3 {[%clk 0:03:00]} Re3 {[%clk 0:01:53]} 78. Rb8 {[%clk
0:03:26]} Kf3 {[%clk 0:01:38]} 79. Rb1 {[%clk 0:02:44]} Kg3 {[%clk 0:01:28]} 80.
Kf1 {[%clk 0:03:01]} Ra3 {[%clk 0:01:30]} 81. Rb8 {[%clk 0:03:07]} Ra1+ {[%clk
0:01:04]} 82. Ke2 {[%clk 0:03:36]} f3+ {[%clk 0:01:24]} 83. Ke3 {[%clk 0:03:57]}
Re1+ {[%clk 0:01:35]} 84. Kd2 {[%clk 0:04:22]} f2 {[%clk 0:01:24]} 85. Rg8+
{[%clk 0:04:40]} Kh3 {[%clk 0:01:42]} 0-1

[Event "Women's Baku Chess Olympiad"]
[Site "chess24.com"]
[Date "2016.09.10"]
[Round "8"]
[White "Narva, Triin"]
[Black "Sikorova, Olga"]
[Result "1-0"]
[Board "3"]
[WhiteID "4502680"]
[WhiteElo "2023"]
[WhiteTitle "WCM"]
[WhiteCountry "EST"]
[WhiteFideId "4502680"]
[WhiteEloChange "15"]
[BlackID "307033"]
[BlackElo "2234"]
[BlackTitle "WGM"]
[BlackCountry "CZE"]
[BlackFideId "307033"]
[BlackEloChange "-15"]

1. e4 {[%clk 1:30:57]} e6 {[%clk 1:30:54]} 2. d4 {[%clk 1:31:22]} d5 {[%clk
1:31:19]} 3. Nd2 {[%clk 1:31:44]} c5 {[%clk 1:31:41]} 4. Ngf3 {[%clk 1:32:00]}
cxd4 {[%clk 1:31:52]} 5. Nxd4 {[%clk 1:31:47]} Nf6 {[%clk 1:31:33]} 6. exd5
{[%clk 1:31:28]} Qxd5 {[%clk 1:30:49]} 7. Nb5 {[%clk 1:31:21]} Na6 {[%clk
1:30:33]} 8. Nc3 {[%clk 1:31:22]} Qd6 {[%clk 1:27:36]} 9. Qf3 {[%clk 1:30:00]}
Nb4 {[%clk 1:02:13]} 10. Bb5+ {[%clk 1:19:55]} Bd7 {[%clk 0:58:12]} 11. O-O
{[%clk 1:13:11]} Nxc2 {[%clk 0:26:33]} 12. Nc4 {[%clk 1:08:54]} Qc5 {[%clk
0:21:43]} 13. Ne4 {[%clk 0:42:29]} Qc7 {[%clk 0:02:31]} 14. Bf4 {[%clk 0:22:17]}
Nd4 {[%clk 0:02:56]} 15. Qe3 {[%clk 0:21:26]} Qxf4 {[%clk 0:02:06]} 16. Bxd7+
{[%clk 0:18:48]} Nxd7 {[%clk 0:02:34]} 17. Qxd4 {[%clk 0:18:58]} Qc7 {[%clk
0:00:58]} 18. Rac1 {[%clk 0:19:07]} Qd8 {[%clk 0:00:55]} 19. Rfd1 {[%clk
0:17:58]} Nb6 {[%clk 0:00:35]} 20. Ncd6+ {[%clk 0:17:29]} Bxd6 {[%clk 0:01:01]}
21. Qxg7 {[%clk 0:17:35]} Rf8 {[%clk 0:00:42]} 22. Nxd6+ {[%clk 0:17:44]} Ke7
{[%clk 0:00:53]} 23. Nf5+ {[%clk 0:17:44]} 1-0

[Event "Women's Baku Chess Olympiad"]
[Site "chess24.com"]
[Date "2016.09.10"]
[Round "8"]
[White "Rodshtein, Tereza"]
[Black "Narva, Regina"]
[Result "1-0"]
[Board "4"]
[WhiteID "325449"]
[WhiteElo "2230"]
[WhiteTitle "WGM"]
[WhiteCountry "CZE"]
[WhiteFideId "325449"]
[WhiteEloChange "4"]
[BlackID "4500237"]
[BlackElo "2009"]
[BlackTitle "WFM"]
[BlackCountry "EST"]
[BlackFideId "4500237"]
[BlackEloChange "-4"]

1. e4 {[%clk 1:30:49]} g6 {[%clk 1:30:40]} 2. d4 {[%clk 1:30:54]} d6 {[%clk
1:31:02]} 3. Nc3 {[%clk 1:28:51]} a6 {[%clk 1:31:00]} 4. Be3 {[%clk 1:25:15]} b5
{[%clk 1:30:27]} 5. Qd2 {[%clk 1:19:47]} Bb7 {[%clk 1:29:22]} 6. f3 {[%clk
1:19:25]} Nd7 {[%clk 1:27:50]} 7. O-O-O {[%clk 1:10:38]} Bg7 {[%clk 1:24:14]} 8.
h4 {[%clk 1:07:31]} h5 {[%clk 1:08:55]} 9. Nh3 {[%clk 1:03:15]} Rc8 {[%clk
0:51:01]} 10. Ng5 {[%clk 0:57:15]} c5 {[%clk 0:48:41]} 11. dxc5 {[%clk 0:50:04]}
Nxc5 {[%clk 0:30:18]} 12. Bd4 {[%clk 0:50:14]} Nf6 {[%clk 0:28:49]} 13. Nd5
{[%clk 0:49:48]} e5 {[%clk 0:19:00]} 14. Nxf6+ {[%clk 0:35:39]} Bxf6 {[%clk
0:18:36]} 15. Be3 {[%clk 0:35:55]} Rc6 {[%clk 0:17:15]} 16. Kb1 {[%clk 0:30:23]}
Qc8 {[%clk 0:13:02]} 17. Be2 {[%clk 0:27:58]} Ne6 {[%clk 0:11:56]} 18. g4 {[%clk
0:26:21]} Ke7 {[%clk 0:08:16]} 19. gxh5 {[%clk 0:25:52]} gxh5 {[%clk 0:08:18]}
20. Bd3 {[%clk 0:25:16]} Qd7 {[%clk 0:07:04]} 21. Rhf1 {[%clk 0:24:50]} Rcc8
{[%clk 0:04:55]} 22. f4 {[%clk 0:24:52]} Rcf8 {[%clk 0:02:38]} 23. fxe5 {[%clk
0:18:20]} Bxe5 {[%clk 0:02:44]} 24. Nf3 {[%clk 0:18:49]} Bf6 {[%clk 0:02:41]} 25.
Bh6 {[%clk 0:19:03]} Rfg8 {[%clk 0:02:30]} 26. Bg5 {[%clk 0:18:53]} Bxg5 {[%clk
0:01:45]} 27. hxg5 {[%clk 0:19:15]} Rg7 {[%clk 0:01:51]} 28. Qc3 {[%clk 0:18:47]}
Kf8 {[%clk 0:01:41]} 29. g6 {[%clk 0:19:02]} Rh6 {[%clk 0:01:45]} 30. Nh4 {[%clk
0:18:00]} Kg8 {[%clk 0:00:51]} 31. gxf7+ {[%clk 0:13:28]} Rxf7 {[%clk 0:00:59]}
32. Rg1+ {[%clk 0:13:45]} Ng7 {[%clk 0:00:53]} 33. Nf5 {[%clk 0:13:34]} Rh7
{[%clk 0:01:03]} 34. Rg6 {[%clk 0:11:32]} Kf8 {[%clk 0:00:41]} 35. Rxd6 {[%clk
0:10:15]} Qc7 {[%clk 0:00:44]} 36. Qb4 {[%clk 0:07:28]} Kg8 {[%clk 0:00:33]} 37.
Bc4 {[%clk 0:04:35]} Nxf5 {[%clk 0:00:38]} 38. Bxf7+ {[%clk 0:04:49]} Rxf7 {[%clk
0:00:52]} 39. exf5 {[%clk 0:05:02]} Bf3 {[%clk 0:00:52]} 40. Rg6+ {[%clk
0:33:49]} Kh7 {[%clk 0:30:33]} 41. Qd2 {[%clk 0:32:53]} 1-0

[Event "Women's Baku Chess Olympiad"]
[Site "chess24.com"]
[Date "2016.09.10"]
[Round "8"]
[White "Khademalsharieh, Sarasadat"]
[Black "Dauletova, Gulmira"]
[Result "1-0"]
[Board "1"]
[WhiteID "12512214"]
[WhiteElo "2429"]
[WhiteTitle "IM"]
[WhiteCountry "IRI"]
[WhiteFideId "12512214"]
[WhiteEloChange "3"]
[BlackID "13702971"]
[BlackElo "2275"]
[BlackTitle "WIM"]
[BlackCountry "KAZ"]
[BlackFideId "13702971"]
[BlackEloChange "-6"]

1. d4 {[%clk 1:30:55]} Nf6 {[%clk 1:30:33]} 2. c4 {[%clk 1:31:09]} e6 {[%clk
1:30:46]} 3. Nf3 {[%clk 1:31:23]} d5 {[%clk 1:30:23]} 4. Nc3 {[%clk 1:31:30]} c5
{[%clk 1:30:16]} 5. cxd5 {[%clk 1:31:37]} cxd4 {[%clk 1:30:27]} 6. Qa4+ {[%clk
1:30:20]} Bd7 {[%clk 1:30:42]} 7. Qxd4 {[%clk 1:30:42]} exd5 {[%clk 1:31:07]} 8.
Bg5 {[%clk 1:26:06]} Nc6 {[%clk 1:30:30]} 9. Qd2 {[%clk 1:24:25]} Be6 {[%clk
1:29:33]} 10. e3 {[%clk 1:22:11]} Be7 {[%clk 1:25:28]} 11. Be2 {[%clk 1:17:46]}
O-O {[%clk 1:23:57]} 12. O-O {[%clk 1:12:58]} Ne4 {[%clk 1:20:32]} 13. Bxe7
{[%clk 1:12:41]} Qxe7 {[%clk 1:20:44]} 14. Qd3 {[%clk 1:02:48]} Nb4 {[%clk
1:18:07]} 15. Qd1 {[%clk 0:58:24]} Rac8 {[%clk 1:10:41]} 16. Nb5 {[%clk 0:57:20]}
a6 {[%clk 0:52:00]} 17. Nbd4 {[%clk 0:57:22]} Rc7 {[%clk 0:51:03]} 18. a3 {[%clk
0:52:29]} Nc6 {[%clk 0:51:23]} 19. Nxc6 {[%clk 0:52:44]} Rxc6 {[%clk 0:51:15]}
20. Nd4 {[%clk 0:53:07]} Rb6 {[%clk 0:44:20]} 21. Rb1 {[%clk 0:51:46]} Bd7 {[%clk
0:39:56]} 22. Bf3 {[%clk 0:39:02]} Rh6 {[%clk 0:24:42]} 23. g3 {[%clk 0:33:03]}
Bh3 {[%clk 0:24:30]} 24. Re1 {[%clk 0:32:38]} Rf6 {[%clk 0:23:33]} 25. Rc1 {[%clk
0:31:30]} h5 {[%clk 0:20:33]} 26. Rc2 {[%clk 0:29:26]} h4 {[%clk 0:16:43]} 27.
Bg4 {[%clk 0:27:17]} hxg3 {[%clk 0:13:06]} 28. hxg3 {[%clk 0:27:39]} Ng5 {[%clk
0:12:24]} 29. Bxh3 {[%clk 0:26:24]} Nxh3+ {[%clk 0:12:53]} 30. Kg2 {[%clk
0:26:42]} Qe4+ {[%clk 0:11:56]} 31. f3 {[%clk 0:25:56]} Qh7 {[%clk 0:12:25]} 32.
Rh1 {[%clk 0:24:23]} Rh6 {[%clk 0:12:55]} 33. Rc1 {[%clk 0:20:26]} Ng5 {[%clk
0:09:30]} 34. Qb3 {[%clk 0:19:48]} Ne6 {[%clk 0:06:20]} 35. Qxd5 {[%clk 0:16:17]}
Qd3 {[%clk 0:05:20]} 36. Rcd1 {[%clk 0:08:37]} Qxe3 {[%clk 0:05:24]} 37. Rxh6
{[%clk 0:07:58]} Nxd4 {[%clk 0:04:17]} 38. Rhh1 {[%clk 0:05:40]} Qe2+ {[%clk
0:04:42]} 39. Kh3 {[%clk 0:06:05]} Nxf3 {[%clk 0:05:02]} 40. Rdf1 {[%clk
0:34:42]} Qe6+ {[%clk 0:30:55]} 41. Qxe6 {[%clk 0:34:52]} Ng5+ {[%clk 0:26:56]}
42. Kg2 {[%clk 0:33:02]} Nxe6 {[%clk 0:25:15]} 43. Rd1 {[%clk 0:33:10]} Rc8
{[%clk 0:22:52]} 44. Rc1 {[%clk 0:32:14]} Re8 {[%clk 0:23:20]} 45. Rhd1 {[%clk
0:32:28]} Re7 {[%clk 0:23:48]} 46. Rc8+ {[%clk 0:31:38]} Kh7 {[%clk 0:24:17]} 47.
Rd6 {[%clk 0:31:17]} g5 {[%clk 0:23:39]} 48. b4 {[%clk 0:28:32]} g4 {[%clk
0:18:36]} 49. Rd5 {[%clk 0:25:48]} Kg6 {[%clk 0:15:09]} 50. a4 {[%clk 0:24:50]}
f6 {[%clk 0:09:32]} 51. Rg8+ {[%clk 0:22:47]} Ng7 {[%clk 0:09:41]} 52. b5 {[%clk
0:23:02]} Kf7 {[%clk 0:07:50]} 53. Rc8 {[%clk 0:22:15]} axb5 {[%clk 0:06:52]} 54.
axb5 {[%clk 0:21:54]} Re2+ {[%clk 0:05:59]} 55. Kf1 {[%clk 0:21:56]} Re7 {[%clk
0:06:04]} 56. b6 {[%clk 0:21:36]} Ne8 {[%clk 0:05:54]} 57. Rc4 {[%clk 0:21:36]}
Ke6 {[%clk 0:03:47]} 58. Rd8 {[%clk 0:15:20]} f5 {[%clk 0:03:40]} 59. Kg2 {[%clk
0:12:46]} Nf6 {[%clk 0:03:18]} 60. Rc7 {[%clk 0:12:50]} Ne8 {[%clk 0:03:22]} 61.
Rc2 {[%clk 0:11:59]} Nf6 {[%clk 0:03:34]} 62. Rb8 {[%clk 0:09:49]} Ne4 {[%clk
0:02:59]} 63. Rbc8 {[%clk 0:08:40]} Nd6 {[%clk 0:01:15]} 64. R8c7 {[%clk
0:08:59]} Rf7 {[%clk 0:01:10]} 65. Kf2 {[%clk 0:07:22]} Re7 {[%clk 0:00:41]} 66.
Ke3 {[%clk 0:05:45]} Re8 {[%clk 0:00:42]} 67. Kd3 {[%clk 0:03:45]} Rd8 {[%clk
0:00:56]} 68. Ke3 {[%clk 0:03:20]} Re8 {[%clk 0:01:25]} 69. Rh7 {[%clk 0:03:22]}
Kd5+ {[%clk 0:01:15]} 70. Kf4 {[%clk 0:02:53]} Re4+ {[%clk 0:01:44]} 71. Kg5
{[%clk 0:03:17]} Rb4 {[%clk 0:01:18]} 72. Rd2+ {[%clk 0:03:10]} Kc5 {[%clk
0:01:33]} 73. Rxd6 {[%clk 0:03:12]} Kxd6 {[%clk 0:01:53]} 74. Rxb7 {[%clk
0:03:38]} Kc6 {[%clk 0:01:52]} 75. Rf7 {[%clk 0:03:04]} Kxb6 {[%clk 0:02:01]} 76.
Rxf5 {[%clk 0:03:28]} Kc6 {[%clk 0:02:14]} 77. Rf4 {[%clk 0:03:53]} Rb8 {[%clk
0:01:35]} 78. Rxg4 {[%clk 0:02:36]} Kd5 {[%clk 0:01:44]} 79. Kf6 {[%clk 0:01:14]}
Rb6+ {[%clk 0:01:38]} 80. Kf5 {[%clk 0:01:37]} Rb3 {[%clk 0:01:15]} 81. Rg5
{[%clk 0:01:01]} Rf3+ {[%clk 0:00:44]} 82. Kg4+ {[%clk 0:01:24]} Ke4 {[%clk
0:01:12]} 83. Rg8 {[%clk 0:01:45]} Rf7 {[%clk 0:00:58]} 84. Re8+ {[%clk 0:01:24]}
Kd4 {[%clk 0:01:27]} 85. Kh5 {[%clk 0:01:43]} Kd5 {[%clk 0:00:47]} 86. g4 {[%clk
0:02:03]} Kd6 {[%clk 0:00:47]} 87. g5 {[%clk 0:02:25]} Kd7 {[%clk 0:00:44]} 88.
Re4 {[%clk 0:02:46]} Rf5 {[%clk 0:00:34]} 89. Kh6 {[%clk 0:03:08]} Rf1 {[%clk
0:00:37]} 90. g6 {[%clk 0:03:30]} Rh1+ {[%clk 0:00:40]} 91. Kg5 {[%clk 0:03:56]}
Rg1+ {[%clk 0:00:50]} 92. Rg4 {[%clk 0:03:51]} Rxg4+ {[%clk 0:00:31]} 93. Kxg4
{[%clk 0:04:15]} Ke8 {[%clk 0:00:36]} 94. Kg5 {[%clk 0:04:40]} Kf8 {[%clk
0:00:42]} 95. Kh6 {[%clk 0:05:05]} 1-0

[Event "Women's Baku Chess Olympiad"]
[Site "chess24.com"]
[Date "2016.09.10"]
[Round "8"]
[White "Zhylkaidarova, Sholpan"]
[Black "Pourkashiyan, Atousa"]
[Result "0-1"]
[Board "2"]
[WhiteID "13700138"]
[WhiteElo "2162"]
[WhiteTitle "WFM"]
[WhiteCountry "KAZ"]
[WhiteFideId "13700138"]
[WhiteEloChange "-5"]
[BlackID "12502014"]
[BlackElo "2335"]
[BlackTitle "WGM"]
[BlackCountry "IRI"]
[BlackFideId "12502014"]
[BlackEloChange "5"]

1. d4 {[%clk 1:30:44]} Nf6 {[%clk 1:30:53]} 2. c4 {[%clk 1:31:01]} e6 {[%clk
1:31:18]} 3. Nc3 {[%clk 1:31:14]} Bb4 {[%clk 1:31:42]} 4. e3 {[%clk 1:31:21]} O-O
{[%clk 1:31:44]} 5. Bd3 {[%clk 1:30:42]} d5 {[%clk 1:31:49]} 6. Ne2 {[%clk
1:26:41]} dxc4 {[%clk 1:31:44]} 7. Bxc4 {[%clk 1:27:06]} e5 {[%clk 1:32:04]} 8.
O-O {[%clk 1:26:49]} Nc6 {[%clk 1:32:07]} 9. a3 {[%clk 1:26:08]} Bd6 {[%clk
1:32:08]} 10. d5 {[%clk 1:23:10]} Ne7 {[%clk 1:32:24]} 11. Ng3 {[%clk 1:16:06]}
a6 {[%clk 1:30:51]} 12. Ba2 {[%clk 1:04:42]} h6 {[%clk 1:28:39]} 13. e4 {[%clk
1:01:06]} Ng6 {[%clk 1:28:01]} 14. b4 {[%clk 0:57:31]} Bd7 {[%clk 1:19:20]} 15.
Na4 {[%clk 0:50:09]} b6 {[%clk 1:13:02]} 16. Nb2 {[%clk 0:50:19]} Nf4 {[%clk
1:05:53]} 17. Re1 {[%clk 0:46:46]} Ng4 {[%clk 0:49:06]} 18. Qf3 {[%clk 0:34:27]}
Qf6 {[%clk 0:27:11]} 19. Nh1 {[%clk 0:24:05]} h5 {[%clk 0:16:46]} 20. Nd3 {[%clk
0:16:15]} g5 {[%clk 0:13:57]} 21. h3 {[%clk 0:11:25]} Kg7 {[%clk 0:13:34]} 22.
Bb2 {[%clk 0:07:41]} Rh8 {[%clk 0:12:56]} 23. Rad1 {[%clk 0:05:45]} Rae8 {[%clk
0:13:01]} 24. h4 {[%clk 0:05:50]} Nxd3 {[%clk 0:09:23]} 25. Qxf6+ {[%clk
0:06:01]} Nxf6 {[%clk 0:07:28]} 26. Rxd3 {[%clk 0:06:24]} gxh4 {[%clk 0:06:33]}
27. f4 {[%clk 0:06:19]} Ng4 {[%clk 0:06:11]} 28. Nf2 {[%clk 0:05:50]} f6 {[%clk
0:06:39]} 29. f5 {[%clk 0:05:23]} a5 {[%clk 0:03:53]} 30. Bc3 {[%clk 0:05:22]}
Ra8 {[%clk 0:04:05]} 31. Bb1 {[%clk 0:04:39]} Kf7 {[%clk 0:03:37]} 32. Rh3 {[%clk
0:04:31]} axb4 {[%clk 0:03:08]} 33. axb4 {[%clk 0:04:52]} Ra3 {[%clk 0:02:17]}
34. Rc1 {[%clk 0:04:46]} Rg8 {[%clk 0:00:59]} 35. Bd2 {[%clk 0:03:42]} Rxh3
{[%clk 0:01:10]} 36. Nxh3 {[%clk 0:03:17]} Ra8 {[%clk 0:01:32]} 37. Kf1 {[%clk
0:01:57]} Bb5+ {[%clk 0:01:49]} 38. Ke1 {[%clk 0:02:05]} Ra3 {[%clk 0:01:24]} 39.
Rc3 {[%clk 0:01:09]} Ra1 {[%clk 0:01:32]} 40. Rc1 {[%clk 0:31:29]} Ra3 {[%clk
0:30:51]} 41. Rc3 {[%clk 0:27:49]} Ra1 {[%clk 0:21:59]} 42. Rc1 {[%clk 0:27:09]}
Ke8 {[%clk 0:21:35]} 43. Ng1 {[%clk 0:20:48]} Ra3 {[%clk 0:16:05]} 44. Rc3 {[%clk
0:19:26]} Bxb4 {[%clk 0:14:49]} 45. Rxa3 {[%clk 0:17:37]} Bxa3 {[%clk 0:15:17]}
46. Nf3 {[%clk 0:17:06]} Bc5 {[%clk 0:15:10]} 47. Kd1 {[%clk 0:15:12]} Bf2 {[%clk
0:11:06]} 48. Ne1 {[%clk 0:13:52]} Bf1 {[%clk 0:09:50]} 49. Bd3 {[%clk 0:09:44]}
Bxg2 {[%clk 0:09:40]} 50. Bb5+ {[%clk 0:08:11]} Kd8 {[%clk 0:09:26]} 51. Nxg2
{[%clk 0:07:57]} h3 {[%clk 0:09:49]} 52. Bf1 {[%clk 0:07:02]} h2 {[%clk 0:09:32]}
0-1